Global handbook on food and water safety : (Record no. 18738)

000 -LEADER
fixed length control field 00808cam a22002774a 4500
020 ## - INTERNATIONAL STANDARD BOOK NUMBER
ISBN 039807402X (hard)
020 ## - INTERNATIONAL STANDARD BOOK NUMBER
ISBN 0398074038 (pbk.)
040 ## - CATALOGING SOURCE
Transcribing agency DLC
082 00 - DEWEY DECIMAL CLASSIFICATION NUMBER
Classification number 363 CCT 2003 C152 Or.
100 1# - MAIN ENTRY--AUTHOR NAME
Personal name De Leon, Sonia Yuson.
245 10 - TITLE STATEMENT
Title Global handbook on food and water safety :
Remainder of title for the education of food industry management, food handlers, and consumers /
260 ## - PUBLICATION, DISTRIBUTION, ETC. (IMPRINT)
Place of publication Springfield, Ill. :
Name of publisher Charles C. Thomas,
Year of publication c2003.
300 ## - PHYSICAL DESCRIPTION
Number of Pages xxx, 318 p. :
Other physical details ill. ;
Dimensions 26 cm.
650 #0 - SUBJECT ADDED ENTRY--TOPICAL TERM
Topical Term Food service
650 #0 - SUBJECT ADDED ENTRY--TOPICAL TERM
Topical Term Food
650 #0 - SUBJECT ADDED ENTRY--TOPICAL TERM
Topical Term Food
650 #0 - SUBJECT ADDED ENTRY--TOPICAL TERM
Topical Term Food industry and trade
650 #0 - SUBJECT ADDED ENTRY--TOPICAL TERM
Topical Term Food
650 #0 - SUBJECT ADDED ENTRY--TOPICAL TERM
Topical Term Food handling
650 #0 - SUBJECT ADDED ENTRY--TOPICAL TERM
Topical Term Water-supply
650 #0 - SUBJECT ADDED ENTRY--TOPICAL TERM
Topical Term Water-supply
650 #0 - SUBJECT ADDED ENTRY--TOPICAL TERM
Topical Term Water
700 1# - ADDED ENTRY--PERSONAL NAME
Personal name Meacham, Susan L.
700 1# - ADDED ENTRY--PERSONAL NAME
Personal name Claudio, Virginia Serraon,
942 ## - ADDED ENTRY ELEMENTS (KOHA)
Koha item type ADB
952 ## - LOCATION AND ITEM INFORMATION (KOHA)
Withdrawn status [LOCAL, KOHA] 0
Holdings
Koha item type Source of acquisition Lost status Permanent Location Current Location Date acquired Full call number
សៀវភៅភាសាអង់គ្លេសA38262 Library Block CLibrary Block C2020-01-17363 CCT 2003 C152 Or.
មជ្ឈមណ្ឌលឯការនៃសាកលវិទ្យាល័យភូមិន្ទកសិកម្មចំការដូង

Powered by Koha